50 deutschsprachige Hits aus 50 Jahren - Statistiken

Allgemein
  • Dieses Quiz wurde 219 mal gespielt
  • Das Durchschnittsergebnis liegt bei 20 aus 50
Antwortstatistiken
Jahr Titel Interpret % Korrekt
1976 Aber bitte mit Sahne Udo Jürgens
87%
2005 Durch den Monsun Tokio Hotel
81%
1992 Die da!?! Die Fantastischen Vier
80%
1993 Alles nur geklaut Die Prinzen
78%
1989 Hier kommt Alex Die Toten Hosen
74%
2002 Mensch Herbert Grönemeyer
73%
2006 54, 74, 90, 2006 Sportfreunde Stiller
71%
1979 Moskau Dschinghis Khan
67%
2014 Auf uns Andreas Bourani
66%
1986 Ohne dich (Schlaf ich heut Nacht nicht ein) Münchener Freiheit
64%
2016 80 Millionen Max Giesinger
63%
2012 Easy Cro
61%
2008 Alles neu Peter Fox
61%
2010 Das geht ab! (Wir feiern die ganze Nacht) Die Atzen
56%
2015 Wie schön du bist Sarah Connor
52%
1996 Jein Fettes Brot
51%
2003 Unrockbar Die Ärzte
50%
2019 Gib ihm Shirin David
47%
2013 Willst du Alligatoah
46%
1994 Böörti Böörti Vogts Stefan Raab & Die Bekloppten
43%
2020 Übermorgen Mark Forster
41%
1990 Ich hab’ geträumt von Dir Matthias Reim
41%
1999 Du trägst keine Liebe in dir Echt
40%
2009 Irgendwas bleibt Silbermond
39%
1977 Marleen Marianne Rosenberg
38%
2025 Tau mich auf Zartmann
37%
1988 Macho Macho Rainhard Fendrich
35%
1991 Aloha heja he Achim Reichel
34%
2018 Kokain Bonez MC & RAF Camora feat. Gzuz
31%
1982 Carbonara Spliff
31%
1983 Codo (...düse im Sauseschritt) DÖF
30%
1981 Lieb’ mich ein letztes Mal Roland Kaiser
29%
1978 Kreuzberger Nächte Gebrüder Blattschuss
28%
2007 Stark Ich + Ich
25%
2024 Mittelmeer Pashanim
23%
1998 Die Flut Witt / Heppner
22%
1997 Anna Freundeskreis
19%
1980 Freu dich bloß nicht zu früh Gitte
18%
2011 Brenna tuats guat Hubert von Goisern
18%
2021 Der letzte Song (Alles wird gut) Kummer feat. Fred Rabe
17%
2022 Sehnsucht Miksu/Macloud & T-Low
17%
2023 Weißes Haus Ayliva
16%
1987 Ich liebe dich Clowns & Helden
13%
2000 Leb! Die 3. Generation
13%
2017 Pizza Antilopen Gang
12%
2001 Wenn das Liebe ist Glashaus
9%
1984 Sehnsucht Purple Schulz & Die Neue Heimat
9%
1995 Lass uns schmutzig Liebe machen Die Schröders
7%
1985 Mein Tuut Tuut Leinemann
6%
2004 Ein ganzer Sommer Virginia Jetzt!
4%
Keine übereinstimmenden Quizze gefunden
Verteilung der Resultate
Anzahl Personen mit jedem Resultat
Perzentil nach korrekt beantworteten Fragen
Ihre Resultats-Entwicklung
Sie haben dieses Quiz noch nicht gespielt